[Event "HUN-chT2 Maroczy 1819"]
[Site "Hungary"]
[Date "2019.04.28"]
[Round "11.5"]
[White "Farago, Sandor"]
[Black "Karacsony, Attila"]
[Result "1-0"]
[WhiteElo "2222"]
[BlackElo "2260"]
[PlyCount "75"]
[EventDate "2018.09.23"]
[EventType "team-tourn"]
[EventRounds "11"]
[EventCountry "HUN"]
[SourceTitle "EXT 2021"]
[Source "ChessBase"]
[SourceDate "2020.10.23"]
[SourceVersion "1"]
[SourceVersionDate "2020.10.23"]
[SourceQuality "1"]
[WhiteTeam "Taban Spartacus"]
[BlackTeam "Budapest Vasas"]
[WhiteTeamCountry "HUN"]
[BlackTeamCountry "HUN"]

1. e4 e5 2. Nf3 Nc6 3. Bc4 Nf6 4. d3 Bc5 5. c3 a6 6. d4 exd4 7. e5 d5 8. Bb3 Ne4 9. cxd4 Bb4+ 10. Kf1 0-0 11. a3 Ba5 12. Be3 f6 13. exf6 Nxf6 14. Nc3 Ne7 15. h3 c6 16. g4 Bxc3 17. bxc3 Qd6 18. Ne5 Ne4 19. Kg2 Ng6 20. c4 Nh4+ 21. Kg1 Be6 22. Bc2 Nc3 23. Qd3 Ne4 24. c5 Qc7 25. f4 g5 26. Rf1 Ng3 27. f5 Nxf1 28. Qxf1 h6 29. Rh2 Rae8 30. Rf2 Bc8 31. f6 Rxe5 32. dxe5 Qxe5 33. f7+ Rxf7 34. Rxf7 Qxe3+ 35. Kh1 Bf5 36. Rxf5 Nxf5 37. Bxf5 Kg7 38. Bd3 1-0

[Event "HUN-chT2 Maroczy 1213"]
[Site "Hungary"]
[Date "2013.04.07"]
[Round "10"]
[White "Karacsony, Attila"]
[Black "Arbutina, Sinisa"]
[Result "1/2-1/2"]
[WhiteElo "2308"]
[BlackElo "2280"]
[PlyCount "51"]
[EventDate "2012.09.16"]
[EventType "team-tourn"]
[EventRounds "11"]
[EventCountry "HUN"]
[SourceTitle "EXT 2014"]
[Source "ChessBase"]
[SourceDate "2013.11.20"]
[SourceVersion "1"]
[SourceVersionDate "2013.11.20"]
[SourceQuality "1"]
[WhiteTeam "Vasas"]
[BlackTeam "Roeszke"]
[WhiteTeamCountry "HUN"]
[BlackTeamCountry "HUN"]

1. e4 e5 2. Nf3 Nc6 3. d4 exd4 4. Nxd4 Bc5 5. Be3 Qf6 6. c3 Nge7 7. Qd2 0-0 8. Nb5 Bxe3 9. Qxe3 Qe5 10. Bc4 Na5 11. Bd3 c6 12. N5a3 b6 13. 0-0 Nb7 14. Nd2 d5 15. f4 Qd6 16. exd5 Nxd5 17. Qg3 Nc5 18. Nac4 Qf6 19. Ne4 Nxe4 20. Bxe4 Ba6 21. Bd3 Rfe8 22. Ne5 Bxd3 23. Nxd3 Re3 24. Rf3 Re2 25. Rf2 Re3 26. Rf3 1/2-1/2

[Event "HUN-chT 1112"]
[Site "Hungary"]
[Date "2012.05.06"]
[Round "10"]
[White "Bodiroga, Predrag"]
[Black "Karacsony, Attila"]
[Result "1-0"]
[WhiteElo "2414"]
[BlackElo "2314"]
[PlyCount "113"]
[EventDate "2011.09.25"]
[EventType "team-tourn"]
[EventRounds "11"]
[EventCountry "HUN"]
[SourceTitle "EXT 2013"]
[Source "ChessBase"]
[SourceDate "2012.11.22"]
[SourceVersion "1"]
[SourceVersionDate "2012.11.22"]
[SourceQuality "1"]
[WhiteTeam "MLTC"]
[BlackTeam "Vasas"]
[WhiteTeamCountry "HUN"]
[BlackTeamCountry "HUN"]

1. d4 Nf6 2. c4 g6 3. Nc3 d5 4. e3 Bg7 5. Qb3 c6 6. Nf3 0-0 7. Be2 e6 8. 0-0 Nbd7 9. Rd1 b6 10. Qa3 Bb7 11. cxd5 exd5 12. b4 b5 13. Qb3 Nb6 14. a4 a6 15. Ne5 Nc4 16. f4 Nd7 17. e4 Ncxe5 18. fxe5 Nb6 19. exd5 Nxd5 20. Ne4 bxa4 21. Rxa4 Qb6 22. Nc5 Bc8 23. Bd2 Rb8 24. Bc4 Nc7 25. Rf1 Be6 26. Bxe6 Nxe6 27. Nxe6 fxe6 28. Qxe6+ Kh8 29. Rxf8+ Rxf8 30. Qc4 Bxe5 31. Bc3 Ra8 32. Ra5 Bg7 33. g3 Qb7 34. Rc5 Qe7 35. Qd3 Qd7 36. Qe4 Rd8 37. Rc4 Kg8 38. Kg2 Kh8 39. Qxc6 Qxc6+ 40. Rxc6 Bxd4 41. Be1 Re8 42. Kf1 Kg7 43. Rxa6 Rxe1+ 44. Kxe1 Bc3+ 45. Ke2 Bxb4 46. g4 Bc3 47. Ra7+ Kg8 48. h4 Bf6 49. h5 gxh5 50. gxh5 Bb2 51. Rb7 Bc3 52. Kd3 Be5 53. Ke4 Bc3 54. Kf5 Bd4 55. Rd7 Bc3 56. h6 Ba5 57. Ke6 1-0

[Event "HUN-chT 1112"]
[Site "Hungary"]
[Date "2012.04.15"]
[Round "8"]
[White "Groszpeter, Attila"]
[Black "Karacsony, Attila"]
[Result "1-0"]
[WhiteElo "2521"]
[BlackElo "2314"]
[PlyCount "55"]
[EventDate "2011.09.25"]
[EventType "team-tourn"]
[EventRounds "11"]
[EventCountry "HUN"]
[SourceTitle "EXT 2013"]
[Source "ChessBase"]
[SourceDate "2012.11.22"]
[SourceVersion "1"]
[SourceVersionDate "2012.11.22"]
[SourceQuality "1"]
[WhiteTeam "Paks"]
[BlackTeam "Vasas"]
[WhiteTeamCountry "HUN"]
[BlackTeamCountry "HUN"]

1. e4 e5 2. Nf3 Nc6 3. Bb5 f5 4. Nc3 fxe4 5. Nxe4 Nf6 6. Qe2 Qe7 7. 0-0 d5 8. Nxf6+ gxf6 9. d4 e4 10. Nh4 Bd7 11. Qh5+ Qf7 12. Qxf7+ Kxf7 13. f3 exf3 14. Rxf3 Bg4 15. Rf4 Rg8 16. c3 Bd6 17. Rf2 Ne7 18. Bh6 Ng6 19. Bg5 Be7 20. Raf1 f5 21. Bxe7 Nxe7 22. Bd3 Ke6 23. Nxf5 Bxf5 24. Bxf5+ Nxf5 25. Rxf5 Rg6 26. Rf7 Rag8 27. g3 R8g7 28. R1f6+ 1-0

[Event "HUN-chT 1112"]
[Site "Hungary"]
[Date "2011.11.27"]
[Round "4"]
[White "Meszaros, Tamas"]
[Black "Karacsony, Attila"]
[Result "1/2-1/2"]
[WhiteElo "2460"]
[BlackElo "2314"]
[PlyCount "88"]
[EventDate "2011.09.25"]
[EventType "team-tourn"]
[EventRounds "11"]
[EventCountry "HUN"]
[SourceTitle "EXT 2013"]
[Source "ChessBase"]
[SourceDate "2012.11.22"]
[SourceVersion "1"]
[SourceVersionDate "2012.11.22"]
[SourceQuality "1"]
[WhiteTeam "Csuti"]
[BlackTeam "Vasas"]
[WhiteTeamCountry "HUN"]
[BlackTeamCountry "HUN"]

1. e4 e5 2. Nf3 Nc6 3. Bb5 f5 4. Nc3 fxe4 5. Nxe4 Nf6 6. Qe2 d5 7. Nxf6+ gxf6 8. d4 Bg7 9. dxe5 0-0 10. e6 Re8 11. 0-0 Bxe6 12. c3 a6 13. Ba4 b5 14. Bc2 Bf5 15. Qd1 Be4 16. Be3 Qd7 17. Bxe4 Rxe4 18. Qd3 Ree8 19. Rad1 Rad8 20. Nh4 Re4 21. Qxe4 dxe4 22. Rxd7 Rxd7 23. Nf5 Ne5 24. Bd4 Nd3 25. b4 a5 26. a3 Bf8 27. f3 axb4 28. axb4 c5 29. bxc5 Nxc5 30. fxe4 Nxe4 31. Rf4 Nc5 32. Ng3 Ne6 33. Rg4+ Kf7 34. Kf2 Nxd4 35. cxd4 b4 36. Re4 b3 37. Re3 Rb7 38. Re1 b2 39. Rb1 Ba3 40. Ne4 Rc7 41. Nc5 Ke7 42. Ke3 Bxc5 43. dxc5 Rxc5 44. Rxb2 Kf7 1/2-1/2

[Event "HUN-chT 1112"]
[Site "Hungary"]
[Date "2011.11.13"]
[Round "3"]
[White "Karacsony, Attila"]
[Black "Keresztes, Richard"]
[Result "1/2-1/2"]
[WhiteElo "2314"]
[BlackElo "2273"]
[PlyCount "85"]
[EventDate "2011.09.25"]
[EventType "team-tourn"]
[EventRounds "11"]
[EventCountry "HUN"]
[SourceTitle "EXT 2012"]
[Source "ChessBase"]
[SourceDate "2011.11.24"]
[SourceVersion "1"]
[SourceVersionDate "2011.11.24"]
[SourceQuality "1"]
[WhiteTeam "Vasas"]
[BlackTeam "Toth Laszlo"]
[WhiteTeamCountry "HUN"]
[BlackTeamCountry "HUN"]

1. e4 c5 2. d3 e6 3. Nf3 Nc6 4. g3 Bd6 5. Bg2 Nge7 6. c3 0-0 7. Nh4 Rb8 8. 0-0 Bc7 9. f4 d5 10. f5 f6 11. Nd2 Ne5 12. exd5 Nxd5 13. Ne4 Bb6 14. Kh1 Ne7 15. Nxc5 Bxc5 16. d4 Bxd4 17. cxd4 N5c6 18. Be3 Nd5 19. Bf4 Nxf4 20. Rxf4 Ne7 21. Qb3 Qb6 22. Qc4 Kh8 23. Re1 Nxf5 24. Nxf5 exf5 25. Qf7 Qd8 26. Qh5 Bd7 27. Rh4 h6 28. Qg6 Bc6 29. Qxf5 Bxg2+ 30. Kxg2 Re8 31. Rhe4 Rxe4 32. Qxe4 Qb6 33. Re2 Rd8 34. d5 Qa5 35. d6 Rxd6 36. Qxb7 Kh7 37. Qe4+ f5 38. Qf4 Rd1 39. Rf2 Rd5 40. b3 Qa6 41. Qf3 Qd6 42. Re2 a5 43. Rf2 1/2-1/2

[Event "HUN-chT 1011"]
[Site "Hungary"]
[Date "2011.02.20"]
[Round "6"]
[White "Karacsony, Attila"]
[Black "Horvath, Tamas"]
[Result "0-1"]
[WhiteElo "2333"]
[BlackElo "2414"]
[PlyCount "39"]
[EventDate "2010.10.10"]
[EventType "team-tourn"]
[EventRounds "11"]
[EventCountry "HUN"]
[SourceTitle "EXT 2012"]
[Source "ChessBase"]
[SourceDate "2011.11.24"]
[SourceVersion "1"]
[SourceVersionDate "2011.11.24"]
[SourceQuality "1"]
[WhiteTeam "Vasas"]
[BlackTeam "Csuti"]
[WhiteTeamCountry "HUN"]
[BlackTeamCountry "HUN"]

1. e4 c5 2. Nf3 Nc6 3. d3 e6 4. g3 d5 5. Qe2 Be7 6. Bg2 Nf6 7. 0-0 0-0 8. e5 Ne8 9. c4 Nc7 10. Bf4 b5 11. b3 f5 12. exf6 Bxf6 13. Be5 dxc4 14. dxc4 Nxe5 15. Nxe5 Qd4 16. Bxa8 Qxe5 17. Be4 Qxa1 18. Qh5 g6 19. Qxc5 Qe5 20. Qxe5 0-1

[Event "HUN-chT2 Maroczy 0910"]
[Site "Hungary"]
[Date "2010.04.11"]
[Round "9"]
[White "Toth, Daniel"]
[Black "Karacsony, Attila"]
[Result "0-1"]
[WhiteElo "2252"]
[BlackElo "2309"]
[PlyCount "110"]
[EventDate "2009.11.08"]
[EventType "team-tourn"]
[EventRounds "11"]
[EventCountry "HUN"]
[SourceTitle "EXT 2011"]
[Source "ChessBase"]
[SourceDate "2010.11.26"]
[SourceVersion "1"]
[SourceVersionDate "2010.11.26"]
[SourceQuality "1"]
[WhiteTeam "Fenstherm"]
[BlackTeam "Vasas"]
[WhiteTeamCountry "HUN"]
[BlackTeamCountry "HUN"]

1. d4 Nf6 2. c4 g6 3. g3 Bg7 4. Bg2 d5 5. cxd5 Nxd5 6. e4 Nb4 7. d5 c6 8. a3 Qa5 9. Nc3 cxd5 10. Bf4 N4c6 11. exd5 Nd4 12. Rc1 0-0 13. h3 e6 14. Nf3 Nxf3+ 15. Qxf3 exd5 16. Qxd5 Qb6 17. 0-0 Nc6 18. Na4 Qd4 19. Rxc6 Qxd5 20. Bxd5 bxc6 21. Bxc6 Bxh3 22. Re1 Rac8 23. Bb5 Be6 24. b4 Bd4 25. Bd6 Rfd8 26. Be7 Rd5 27. Bc5 Bxc5 28. Nxc5 Rdxc5 29. bxc5 Rxc5 30. a4 Bd5 31. Ra1 Bf3 32. Bf1 Kg7 33. Bg2 Bxg2 34. Kxg2 a5 35. Kf3 Rc4 36. g4 Rc3+ 37. Kf4 h6 38. Ra2 Kf6 39. f3 Rc4+ 40. Ke3 Ke5 41. Ra3 Rb4 42. Rc3 Rxa4 43. Rc5+ Kd6 44. Rc8 Ke5 45. Rc5+ Kf6 46. Rc6+ Kg5 47. Rc7 f6 48. Rc5+ f5 49. Rb5 h5 50. gxh5 Ra3+ 51. Kf2 gxh5 52. Rc5 h4 53. Kg2 a4 54. Rb5 Ra2+ 55. Kg1 Kf4 0-1

[Event "HUN-chT2 Maroczy 0910"]
[Site "Hungary"]
[Date "2010.03.21"]
[Round "8"]
[White "Fodre, Sandor"]
[Black "Karacsony, Attila"]
[Result "0-1"]
[WhiteElo "2226"]
[BlackElo "2309"]
[PlyCount "78"]
[EventDate "2009.11.08"]
[EventType "team-tourn"]
[EventRounds "11"]
[EventCountry "HUN"]
[SourceTitle "EXT 2011"]
[Source "ChessBase"]
[SourceDate "2010.11.26"]
[SourceVersion "1"]
[SourceVersionDate "2010.11.26"]
[SourceQuality "1"]
[WhiteTeam "Matra"]
[BlackTeam "Vasas"]
[WhiteTeamCountry "HUN"]
[BlackTeamCountry "HUN"]

1. e4 e5 2. Nf3 d6 3. d4 Nf6 4. Nc3 Nbd7 5. Bc4 Be7 6. dxe5 dxe5 7. 0-0 0-0 8. Bg5 c6 9. a4 Qc7 10. Qe2 h6 11. Bh4 a5 12. Rad1 Bb4 13. Na2 Bc5 14. Nc1 Re8 15. Nd3 Bd6 16. Rfe1 Rb8 17. Nc1 Nh5 18. Qd2 Bf8 19. Nb3 Bb4 20. c3 Bf8 21. Bg3 Nxg3 22. hxg3 Nc5 23. Nxc5 Bxc5 24. b4 Bf8 25. Re3 b5 26. axb5 cxb5 27. Bd5 Be6 28. bxa5 b4 29. a6 Bc5 30. Rd3 Bxd5 31. Rxd5 bxc3 32. Rd7 Bxf2+ 33. Kxf2 Qc5+ 34. Qe3 Rb2+ 35. R7d2 Qxe3+ 36. Kxe3 cxd2 37. Rxd2 Rxd2 38. Nxd2 Ra8 39. Nc4 f6 0-1

[Event "HUN-chT2 Maroczy 0910"]
[Site "Hungary"]
[Date "2010.01.31"]
[Round "5"]
[White "Csonka, Balazs"]
[Black "Karacsony, Attila"]
[Result "1-0"]
[WhiteElo "2093"]
[BlackElo "2309"]
[PlyCount "77"]
[EventDate "2009.11.08"]
[EventType "team-tourn"]
[EventRounds "11"]
[EventCountry "HUN"]
[SourceTitle "EXT 2011"]
[Source "ChessBase"]
[SourceDate "2010.11.26"]
[SourceVersion "1"]
[SourceVersionDate "2010.11.26"]
[SourceQuality "1"]
[WhiteTeam "Maroczy"]
[BlackTeam "Vasas"]
[WhiteTeamCountry "HUN"]
[BlackTeamCountry "HUN"]

1. e4 e5 2. Nf3 Nc6 3. Bb5 f5 4. d3 fxe4 5. dxe4 Nf6 6. 0-0 d6 7. Bg5 Be7 8. Bxf6 Bxf6 9. Qd5 Bd7 10. Nc3 Rb8 11. Rad1 Ne7 12. Qb3 a6 13. Bc4 b5 14. Bf7+ Kf8 15. Be6 g6 16. Bxd7 Qxd7 17. Nd5 Nxd5 18. Rxd5 Kg7 19. Rfd1 Qg4 20. Qe3 Rbf8 21. h3 Qc8 22. R1d3 Be7 23. Qa7 Rf7 24. Ra3 c6 25. Rd1 b4 26. Rxa6 Bg5 27. Nxg5 Rxa7 28. Rxa7+ Kh6 29. Nf7+ Kh5 30. Nxh8 Qxh8 31. Rxd6 Qf8 32. Rxh7+ Kg5 33. Rd3 Qc5 34. c3 bxc3 35. Rxc3 Qd4 36. Rf3 c5 37. Kh2 c4 38. Kg3 c3 39. h4# 1-0

[Event "HUN-chT2 Maroczy 0809"]
[Site "Hungary"]
[Date "2009.02.22"]
[Round "8"]
[White "Mozes, Ervin"]
[Black "Karacsony, Attila"]
[Result "1-0"]
[WhiteElo "2276"]
[BlackElo "2302"]
[PlyCount "45"]
[EventDate "2008.10.26"]
[EventType "team-tourn"]
[EventRounds "11"]
[EventCountry "HUN"]
[SourceTitle "EXT 2010"]
[Source "ChessBase"]
[SourceDate "2010.11.25"]
[SourceVersion "1"]
[SourceVersionDate "2010.11.25"]
[SourceQuality "1"]
[WhiteTeam "Miskolc EMSE"]
[BlackTeam "Vasas"]
[WhiteTeamCountry "HUN"]
[BlackTeamCountry "HUN"]

1. f4 d5 2. Nf3 Nf6 3. g3 c5 4. Bg2 Bf5 5. d3 Qc8 6. h3 h5 7. Nbd2 Nc6 8. c3 e6 9. 0-0 c4 10. dxc4 Bc5+ 11. Kh2 Ng4+ 12. hxg4 hxg4+ 13. Nh4 g5 14. Nb3 Bd6 15. cxd5 gxh4 16. dxc6 Qd8 17. Rh1 e5 18. fxe5 hxg3+ 19. Kxg3 Rxh1 20. Bxh1 Bxe5+ 21. Bf4 Qf6 22. Qd2 Kf8 23. Bxe5 1-0